000 00215nam a22000977a 4500
003 OSt
008 200923b ||||| |||| 00| 0 eng d
100 _aStevenson, Robert Louis
_94774
245 _aKidnapped
942 _cBK
999 _c16352
_d16352